Movies Quiz

Random Movies or Oscar Quiz

Tom Hanks Films By Costars Character Quiz Stats

 Plays Quiz not verified by Sporcle

Support Sporcle.
Go Orange.
Score 0/30 Timer 10:00
0 Plays Today
Costars Character Name Film % Correct
Jenny, Bubba, Lt. Dan, MommaForrest Gump
93.5%
Buzz, Sid, AndyToy Story
92.9%
TS Mike Horvath, PFC Reiban, PFC RyanSaving Private Ryan
89.7%
Jessie, Buzz, Bo PeepToy Story 2
87.1%
Wilson, Stan, Kelly FrearsCastaway
87.1%
Susan Lawrence, MacMillan, Paul DavenportBig
85.8%
Lotso, Ken, RexToy Story 3
83.9%
Chief Howard Hyde, Hooch, Emily CarsonTurner & Hooch
81.9%
DeDe, VolcanoJoe versus the Volcano
81.9%
Bart, Homer, Arnold, MargeThe Simpsons Movie
81.9%
Frank Abagnale, Brenda Strong, Jack BarnesCatch Me If You Can
81.3%
Annie Reed, Walter, Becky, Jonah BaldwinSleepless in Seattle
76.1%
Brutus Howell, John Coffey, Wild BillThe Green Mile
76.1%
Amelia Warren, The Louve, SilasThe Da Vinci Code
76.1%
Joe Miller, Charles Wheeler, Miguel AlvarezPhiladelphia
74.8%
Costars Character Name Film % Correct
Billy, Lenny, Hero Boy, Santa ClausThe Polar Express
71%
Taliban, Joanne Herring, Doc LongCharlie Wilsons War
69%
Dottie Hinson, Helen Haley, Doris MurphyA League of their Own
68.4%
Freddie Bauer, Madison, Dr. RossSplash
67.1%
Amelia Warren, Frank Dixon, Dolores TorresThe Terminal
63.9%
Joe Friday, Bill Gannon, The VirginDragnet
63.2%
Fred Haise, Ken Mattingly, FD Gene KrantzApollo 13
63.2%
Debbie Thompson, Jay ONiell, Stan GasskoBachelor Party
51.6%
Shades, Jimmy, Faye, WolfmanThat Thing You Do
51%
Anna Crowley Beissart, The Maestro, Art ShirkThe Money Pit
47.1%
Lt. Mark Rumsfield, Art Weingartner, Carol PetersonThe Burbs
43.2%
Tom Tuttle, Beth Wexler, Chung MeeVolunteers
27.1%
Lilah Krytsick, John Krytsick, RomeoPunchline
25.8%
Max Basner, Elaine Basner, Charlie GargasNothing In Common
21.9%
Amy Jensen, Marvin, Lt. Len GambleHe Knows You're Alone
16.8%

You're not logged in!

Compare scores with friends on all Sporcle quizzes.
OR
Log In

From the Vault

ASIA but not Asian (Minefield)

by Rackie

Just forget about the largest continent.
Remove Ads.
Support Sporcle.
Get the best of Sporcle when you Go Orange. This ad-free experience offers more features, more stats, and more fun while also helping to support Sporcle. Thank you for becoming a member.

Show Comments

Extras

Top Quizzes Today


Score Distribution

Your Account Isn't Verified!

In order to create a playlist on Sporcle, you need to verify the email address you used during registration. Go to your Sporcle Settings to finish the process.

Report this User

Report this user for behavior that violates our Community Guidelines.

Details: